Michael Aldag - girlfriends LYRICS - Statistics

General Stats
  • This quiz has been taken 13 times
  • The average score is 355 of 392
Answer Stats
% Correct
a
100%
all
100%
an
100%
anymore,
100%
babe
100%
babe?
100%
boring,
100%
But
100%
but
100%
can't,
100%
can't
100%
do
100%
Do
100%
don't
100%
drugs
100%
friends
100%
Go
100%
He
100%
help
100%
I
100%
it
100%
it's
100%
lines,
100%
lines
100%
Mia,
100%
my
100%
Tia,
100%
Tia
100%
Tuesday
100%
wanna
100%
you
100%
You
100%
agg
88%
and
88%
And
88%
away
88%
be
88%
change
88%
day
88%
feel
88%
flakes,
88%
get
88%
girlfriend
88%
girlfriend,
88%
good
88%
got
88%
grandma,
88%
grass
88%
If
88%
if
88%
in
88%
Izabelle
88%
just
88%
Leah,
88%
like
88%
likelihood
88%
miss
88%
move
88%
myself
88%
need
88%
never
88%
one
88%
online,
88%
Onto
88%
options
88%
outside
88%
paid,
88%
pay
88%
People
88%
rent
88%
see
88%
She
88%
she
88%
sniffing
88%
so
88%
some
88%
tears
88%
That
88%
that
88%
them,
88%
they
88%
to
88%
touch
88%
weekends
88%
while
88%
why
88%
work
88%
wouldn't
88%
Your
88%
your
88%
choose
75%
could
75%
desperate
75%
for
75%
God,
75%
gonna
75%
her
75%
I'm
75%
judge
75%
keep
75%
love's
75%
mad
75%
made
75%
Maybe
75%
me
75%
Modern
75%
not
75%
Now
75%
now
75%
OnlyFans
75%
really
75%
sad
75%
safe
75%
state
75%
sun,
75%
texts
75%
They're
75%
told
75%
two
75%
won't
75%
You're
75%
every
63%
he'd
63%
Izabelle
63%
pretty
63%
That's
63%
they've
63%
cannot
50%
find
50%
fine,
50%
jarring
50%
She's
50%
this
50%
leave
38%
Nah,
38%
ooh
38%
think
38%
up
38%
wake
38%
ah
13%
No matching quizzes found
Score Distribution
Percent of People with Each Score
Percentile by Number Answered
Your Score History
You have not taken this quiz